000 00593nam a2200193 i 4500
001 77555
003 ES-MaACL
005 20250809020455.0
007 t|
008 041021s1934 sp ||||1| spa d
245 0 0 _aAnuario de derecho :
_bmanual de legislación española /
_c[recopilado por] Marcer.
246 3 _aAnuario de derecho (Barcelona)
260 _aBarcelona :
_b[Vda. de Luis Tasso],
_c1934.
300 _a198 p. ;
_c17 cm.
650 7 _aDerecho-
_zEspaña
_2
_9141531
700 1 _aMarcer, Isidro.
_976379
852 _aES-MaACL
_j1791-F-10
999 _c77555
_d77555